Loading...
Sudha /
| Main Author: | |
|---|---|
| Format: | Printed Book |
| Language: | Malayalam |
| Published: |
Kottayam :
Sahitya Parishad Co Operative Society Limited ,
1966.
|
| LEADER | 00577cam a2200181ua 4500 | ||
|---|---|---|---|
| 020 | |c 2.00 | ||
| 041 | |a mal | ||
| 082 | |a 894.812308 |b GOR/SU | ||
| 100 | |a Gopinathan nair, T.N . | ||
| 245 | |a Sudha / |c T.N.Gopinathan nair. |h Textual Documents | ||
| 260 | |a Kottayam : |b Sahitya Parishad Co Operative Society Limited , |c 1966. | ||
| 300 | |a 151 ; . | ||
| 365 | |a 2.00 | ||
| 504 | |||
| 541 | |e 5592 |h 2.00 | ||
| 942 | |c BK | ||
| 999 | |c 28924 |d 28924 | ||
| 952 | |0 0 |1 0 |4 0 |6 894_812308000000000 |7 0 |9 37785 |a KAUAET |b KAUAET |d 2012-04-07 |m 0 |o 894.812308 |p KAU_KCAET-5592 |r 2012-04-07 |w 2012-04-07 |y BK | ||